Представление документа в формате MARC21

Поле Инд. ПП Название Значение
Тип записи a
Библиографический уровень m
001 Контрольный номер 631b5f7a-b636-4867-b65e-482762fdf2f2
005 Дата корректировки 20140703173627.6
008 Кодируемые данные 090320
020 a ISBN 978-5-94774-618-1
c Цена, тираж 109.00
040 a Служба первич. каталог. НБ ТвГУ
041 a Код языка текста rus
080 a Индекс УДК 530.145(075.8)
084 a Индекс другой классификации/Индекс ББК В314я73-1
090 x Авторский знак И83
a Полочн. индекс В314
100 1_ a Автор Иродов Игорь Евгеньевич
d Дата 1923-2002
245 10 a Заглавие Квантовая физика. Основные законы
b Продолж. заглавия [учебное пособие]
c Ответственность И. Е. Иродов
250 a Основные сведения об издании 3-е изд., стер.
260 0_ a Место издания Москва
b Издательство Бином. Лаб. знаний
c Дата издания 2007
300 a Объем 256 с.
b Иллюстрации/ тип воспроизводства ил., табл.
c Размеры 22 см
440 a Серия Технический университет
a Серия Общая физика
504 a Библиография Предм. указ.: с. 252-256.
583 a Действие Получение впервые 26 19.03.2009
k Исполнитель действия ООО "БИНОМ"
650 a Основная рубрика Квантовая физика
x Основная подрубрика Учебники для вузов
650 a Основная рубрика Физика теоретическая
653 a Ключевые слова Квантовая физика
a Ключевые слова Квантовая механика
a Ключевые слова Теоретическая физика
852 t Порядковый номер экземпляра 2
p Инвентарный номер 929652
p Инвентарный номер 929653
863 t 00184920
863 t 00184921
888 a За счет средств университета
930 a Новая/Ретро учебники
952 p 26.2009 109.00 1 929652
p 26.2009 109.00 1 929653
c Вид литературы К ру
954 a Дата поступления на обработку 20090324
999 a Подразделение 2 Фил3